| 000 | 00412nam a22001457a 4500 | ||
|---|---|---|---|
| 003 | OSt | ||
| 005 | 20150930144915.0 | ||
| 008 | 150930b xxu||||| |||| 00| 0 eng d | ||
| 040 | _cRUA | ||
| 082 | _aAGR ឈុន 1992 B002 Or.1 | ||
| 100 |
_91611 _aឈុន, សុខលី |
||
| 245 | _aដំណាំត្នោត នៅ ប្រទេសកម្ពុជា | ||
| 300 |
_a49p. _c29cm. |
||
| 942 |
_2ddc _cAGR |
||
| 999 |
_c1520 _d1520 |
||